[Event "Paulista-chT"]
[Site "Sao Paulo"]
[Date "2018.02.18"]
[Round "3.1"]
[White "Dos Reis, Leandro Aparecido C"]
[Black "De Souza, Mauro Guimaraes"]
[Result "1/2-1/2"]
[WhiteElo "1992"]
[BlackElo "2299"]
[PlyCount "54"]
[EventDate "2018.02.17"]
[EventType "team-tourn"]
[EventRounds "7"]
[EventCountry "BRA"]
[SourceTitle "CBM 183 Extra"]
[Source "ChessBase"]
[SourceDate "2018.04.19"]
[SourceVersion "1"]
[SourceVersionDate "2018.04.19"]
[SourceQuality "1"]
[WhiteTeam "Caetano CDRSJ"]
[BlackTeam "AAS CDRSJ FIP"]
[WhiteTeamCountry "BRA"]
[BlackTeamCountry "BRA"]

1. d4 Nf6 2. c4 e6 3. Nc3 Bb4 4. e3 0-0 5. Bd3 d5 6. Nge2 c5 7. a3 cxd4 8. axb4 dxc3 9. bxc3 dxc4 10. Bxc4 Qc7 11. Bb3 b6 12. Qc2 Bb7 13. f3 Nbd7 14. 0-0 b5 15. Nd4 a6 16. c4 bxc4 17. Qxc4 Qb6 18. Bd2 Bd5 19. Qc2 Rfc8 20. Qa2 Ne5 21. Rfc1 Rxc1+ 22. Rxc1 Nd3 23. Rb1 Rc8 24. b5 axb5 25. Bxd5 Nxd5 26. Rxb5 Qc7 27. Qb1 Qc4 1/2-1/2

[Event "Sao Paulo Interclubs Paulista"]
[Site "Sao Paulo"]
[Date "2017.03.11"]
[Round "5.3"]
[White "De Souza, Mauro Guimaraes"]
[Black "Tavares Neto, Estevao"]
[Result "1-0"]
[WhiteElo "2312"]
[BlackElo "1961"]
[PlyCount "57"]
[EventDate "2017.03.04"]
[EventType "team-tourn"]
[EventRounds "7"]
[EventCountry "BRA"]
[SourceTitle "CBM 177 Extra"]
[Source "ChessBase"]
[SourceDate "2017.04.27"]
[SourceVersion "1"]
[SourceVersionDate "2017.04.27"]
[SourceQuality "1"]
[WhiteTeam "Sao Jose FIP"]
[BlackTeam "Sao Jose Taimanov"]
[WhiteTeamCountry "BRA"]
[BlackTeamCountry "BRA"]

1. d4 Nf6 2. c4 e6 3. Nf3 d5 4. Nc3 Be7 5. Bg5 h6 6. Bxf6 Bxf6 7. e3 b6 8. Rc1 Bb7 9. cxd5 exd5 10. Bd3 0-0 11. 0-0 Nd7 12. Qb3 c6 13. e4 dxe4 14. Bxe4 Qb8 15. Rfe1 Qd6 16. Nb5 cxb5 17. Bxb7 Rab8 18. Bd5 b4 19. Rc6 Qf4 20. Qxb4 Rbc8 21. Qb5 Nb8 22. Rxc8 Rxc8 23. Re8+ Rxe8 24. Qxe8+ Kh7 25. Be4+ g6 26. Qxf7+ Kh8 27. Qe8+ Kg7 28. Qxg6+ Kf8 29. g3 1-0

[Event "Ciudad del Este"]
[Site "Ciudad del Este"]
[Date "2015.09.11"]
[Round "3"]
[White "Brito, Luismar Jorge"]
[Black "De Souza, Mauro Guimaraes"]
[Result "1-0"]
[WhiteElo "2241"]
[BlackElo "2334"]
[PlyCount "87"]
[EventDate "2015.09.10"]
[EventType "tourn"]
[EventRounds "14"]
[EventCountry "PAR"]
[EventCategory "2"]
[SourceTitle "EXT 2016"]
[Source "ChessBase"]
[SourceDate "2015.10.08"]
[SourceVersion "1"]
[SourceVersionDate "2015.10.08"]
[SourceQuality "1"]

1. e4 e5 2. Nf3 Nc6 3. Bb5 a6 4. Ba4 Nf6 5. 0-0 Be7 6. Re1 b5 7. Bb3 d6 8. c3 0-0 9. d4 Bg4 10. Be3 exd4 11. cxd4 Na5 12. Bc2 c5 13. d5 Nd7 14. Nbd2 Re8 15. h3 Bh5 16. g4 Bg6 17. Bf4 Bf8 18. b3 Rc8 19. Kg2 Qb6 20. Nf1 Nb7 21. Ng3 Ne5 22. Nh4 f6 23. Be3 Bf7 24. f4 Nd7 25. Nf3 g6 26. a3 Bg7 27. Ra2 Qd8 28. h4 Nf8 29. h5 Qd7 30. Nh4 c4 31. b4 a5 32. Bd4 axb4 33. axb4 Ra8 34. Rxa8 Rxa8 35. g5 Qd8 36. h6 Bh8 37. Nf3 Nd7 38. Ne2 Qc7 39. Nc3 Qb8 40. Nh2 Qd8 41. Qd2 fxg5 42. Bxh8 Kxh8 43. Ng4 Qb6 44. e5 1-0

[Event "Barueri III IRT ATC"]
[Site "Barueri"]
[Date "2009.04.05"]
[Round "5.1"]
[White "De Souza, Mauro Guimaraes"]
[Black "Barbosa, Evandro Amorim"]
[Result "0-1"]
[WhiteElo "2338"]
[BlackElo "2254"]
[PlyCount "137"]
[EventDate "2009.04.02"]
[EventType "swiss"]
[EventRounds "6"]
[EventCountry "BRA"]
[SourceTitle "EXT 2022"]
[Source "ChessBase"]
[SourceDate "2021.10.06"]
[SourceVersion "1"]
[SourceVersionDate "2021.10.06"]
[SourceQuality "1"]

1. d4 Nf6 2. c4 g6 3. Nc3 d5 4. Bf4 Bg7 5. Rc1 dxc4 6. e4 Nh5 7. Be3 Nc6 8. e5 f5 9. f4 Bh6 10. g3 Na5 11. Bxc4 Nxc4 12. Qa4+ c6 13. Qxc4 e6 14. Nf3 0-0 15. 0-0 Qd7 16. Ne2 Rd8 17. a4 Ng7 18. Bd2 Ne8 19. Bb4 b6 20. Qxc6 Qxc6 21. Rxc6 Bd7 22. Rc3 Bxa4 23. Rfc1 Bb5 24. Kf2 Ba6 25. Ke3 Bb7 26. Ba3 Bd5 27. Nd2 Rab8 28. R3c2 Ba8 29. Kf2 Bb7 30. Nc4 Be4 31. Be7 Rd7 32. Bd6 Nxd6 33. Nxd6 Bxc2 34. Rxc2 Bf8 35. Nb5 a6 36. Nbc3 Rc8 37. Rc1 b5 38. Ra1 Rc6 39. Ke3 Be7 40. Kd3 b4 41. Nd1 Bd8 42. b3 a5 43. Ne3 h6 44. h4 Ra7 45. Ra4 Kg7 46. Nc4 Rca6 47. Ke3 g5 48. hxg5 hxg5 49. Nc1 gxf4+ 50. gxf4 Be7 51. Nd3 Ra8 52. Ncb2 Kf7 53. Nc4 Ke8 54. Ncb2 Kd7 55. Nc4 Kc6 56. Ndb2 Kb5 57. Kd3 Rh8 58. Ra1 Rh3+ 59. Ne3 Rf3 60. Rf1 Rxf1 61. Nxf1 Rc6 62. Nc4 a4 63. bxa4+ Kxa4 64. Nfe3 b3 65. d5 exd5 66. Nxd5 Bb4 67. Nde3 Kb5 68. Kd4 Bc5+ 69. Kd5 0-1

[Event "Barueri III IRT ATC"]
[Site "Barueri"]
[Date "2009.04.05"]
[Round "6.3"]
[White "De Souza, Mauro Guimaraes"]
[Black "Rodrigues, Bruno Morado"]
[Result "1-0"]
[WhiteElo "2338"]
[BlackElo "1950"]
[PlyCount "41"]
[EventDate "2009.04.02"]
[EventType "swiss"]
[EventRounds "6"]
[EventCountry "BRA"]
[SourceTitle "EXT 2022"]
[Source "ChessBase"]
[SourceDate "2021.10.06"]
[SourceVersion "1"]
[SourceVersionDate "2021.10.06"]
[SourceQuality "1"]

1. d4 d5 2. c4 e6 3. Nc3 Nf6 4. cxd5 exd5 5. Bg5 c6 6. e3 Be7 7. Qc2 0-0 8. Bd3 Nbd7 9. Nge2 Re8 10. 0-0 Nf8 11. f3 Nh5 12. Bxe7 Qxe7 13. e4 dxe4 14. fxe4 Bg4 15. Rf2 Ne6 16. Raf1 Rf8 17. d5 Nc5 18. Bc4 Nf6 19. dxc6 Bxe2 20. Qxe2 bxc6 21. e5 1-0

[Event "Barueri III IRT ATC"]
[Site "Barueri"]
[Date "2009.04.03"]
[Round "2.1"]
[White "Reis, Alan de Albuquerque"]
[Black "De Souza, Mauro Guimaraes"]
[Result "0-1"]
[WhiteElo "2036"]
[BlackElo "2338"]
[PlyCount "80"]
[EventDate "2009.04.02"]
[EventType "swiss"]
[EventRounds "6"]
[EventCountry "BRA"]
[SourceTitle "EXT 2022"]
[Source "ChessBase"]
[SourceDate "2021.10.06"]
[SourceVersion "1"]
[SourceVersionDate "2021.10.06"]
[SourceQuality "1"]

1. d4 Nf6 2. c4 e6 3. Nc3 Bb4 4. Qc2 0-0 5. Nf3 d5 6. cxd5 exd5 7. Bg5 Nbd7 8. e3 c5 9. Bd3 Qa5 10. 0-0 c4 11. Bf5 Re8 12. Nd2 g6 13. Bh6 Bxc3 14. bxc3 Ne4 15. Nxe4 dxe4 16. Bxd7 Bxd7 17. Bf4 Bc6 18. Rfb1 Qd5 19. a4 a5 20. Rb6 Re6 21. Qb2 g5 22. Be5 Rd8 23. h3 Rxe5 24. dxe5 Qxe5 25. Qc2 Rd3 26. Rc1 Qd5 27. Rb2 Kg7 28. Ra2 f5 29. Qe2 Kg6 30. g3 h5 31. Qc2 Kh6 32. Qe2 Qd7 33. Qf1 Bxa4 34. Rca1 b5 35. Kg2 Kg6 36. Qb1 f4 37. gxf4 gxf4 38. Rxa4 bxa4 39. exf4 Qxh3+ 40. Kg1 Qe6 0-1

[Event "Barueri III IRT ATC"]
[Site "Barueri"]
[Date "2009.04.02"]
[Round "1.1"]
[White "De Souza, Mauro Guimaraes"]
[Black "Dos Reis, Leandro Aparecido C"]
[Result "1-0"]
[WhiteElo "2338"]
[BlackElo "1923"]
[PlyCount "38"]
[EventDate "2009.04.02"]
[EventType "swiss"]
[EventRounds "6"]
[EventCountry "BRA"]
[SourceTitle "EXT 2022"]
[Source "ChessBase"]
[SourceDate "2021.10.06"]
[SourceVersion "1"]
[SourceVersionDate "2021.10.06"]
[SourceQuality "1"]

1. d4 d5 2. c4 e5 3. dxe5 d4 4. e4 Bb4+ 5. Nd2 c5 6. Bd3 Nc6 7. f4 Nh6 8. Ngf3 Ng4 9. a3 Ne3 10. Qe2 Ba5 11. Kf2 f6 12. exf6 Qxf6 13. g3 Ng4+ 14. Kg1 Bc7 15. e5 Qe7 16. Ne4 Bf5 17. Nd6+ Bxd6 18. Bxf5 Nh6 19. Bd3 0-0-0 1-0

[Event "Sao Bernardo LXSBC 3rd"]
[Site "Sao Bernardo do Campo"]
[Date "2008.09.27"]
[Round "3"]
[White "De Souza, Mauro Guimaraes"]
[Black "Cominato Neto, Jose Luis"]
[Result "0-1"]
[WhiteElo "2317"]
[BlackElo "2168"]
[PlyCount "72"]
[EventDate "2008.09.27"]
[EventType "swiss"]
[EventRounds "6"]
[EventCountry "BRA"]
[SourceTitle "EXT 2022"]
[Source "ChessBase"]
[SourceDate "2021.10.06"]
[SourceVersion "1"]
[SourceVersionDate "2021.10.06"]
[SourceQuality "1"]

1. d4 Nf6 2. c4 g6 3. Nc3 d5 4. cxd5 Nxd5 5. e4 Nxc3 6. bxc3 Bg7 7. Bc4 0-0 8. Ne2 c5 9. 0-0 Nc6 10. Be3 Bd7 11. Rb1 cxd4 12. cxd4 e6 13. Qd2 Na5 14. Bd3 Rc8 15. Bg5 f6 16. Be3 b6 17. Rfc1 f5 18. e5 Bc6 19. Nf4 Qe7 20. f3 g5 21. Ne2 h6 22. Nc3 Rcd8 23. Qe2 Rf7 24. Nb5 Qf8 25. Nd6 Rxd6 26. exd6 Qxd6 27. Bc4 Nxc4 28. Qxc4 Bb7 29. Qa4 f4 30. Bf2 g4 31. Rb3 gxf3 32. gxf3 Qd5 33. Qc4 Qg5+ 34. Kh1 Bd5 35. Qe2 Bxb3 36. axb3 Qd5 0-1

[Event "Sao Paulo Alphaville Tenis Clube 2nd"]
[Site "Sao Paulo"]
[Date "2008.09.21"]
[Round "6.2"]
[White "Massarioli, Felipe Alvarenga"]
[Black "De Souza, Mauro Guimaraes"]
[Result "1/2-1/2"]
[WhiteElo "2047"]
[BlackElo "2317"]
[PlyCount "70"]
[EventDate "2008.09.19"]
[EventType "swiss"]
[EventRounds "6"]
[EventCountry "BRA"]
[SourceTitle "EXT 2022"]
[Source "ChessBase"]
[SourceDate "2021.10.06"]
[SourceVersion "1"]
[SourceVersionDate "2021.10.06"]
[SourceQuality "1"]

1. d4 Nf6 2. c4 e6 3. Nc3 Bb4 4. Qc2 0-0 5. Bg5 c5 6. e3 cxd4 7. exd4 d5 8. Nf3 Nc6 9. a3 Bxc3+ 10. bxc3 h6 11. Bxf6 Qxf6 12. Be2 dxc4 13. Bxc4 b6 14. Qe4 Bb7 15. Bd3 g6 16. Qe3 Kg7 17. 0-0 Rfd8 18. Be4 Rac8 19. Rfd1 Na5 20. Bxb7 Nxb7 21. Ne5 Na5 22. f4 Nc4 23. Qe2 Nd6 24. Qf3 Qf5 25. Re1 h5 26. Re2 Rc7 27. Rc1 Rdc8 28. a4 b5 29. h3 h4 30. Ng4 Qd5 31. Qf2 Nf5 32. Re5 Qb3 33. Rxb5 Qxa4 34. Qb2 Qc4 35. Ne5 Nxd4 1/2-1/2

[Event "Sao Paulo Alphaville Tenis Clube 2nd"]
[Site "Sao Paulo"]
[Date "2008.09.20"]
[Round "3.1"]
[White "De Souza, Mauro Guimaraes"]
[Black "Madeira, Wagner Martins"]
[Result "1-0"]
[WhiteElo "2317"]
[BlackElo "2265"]
[PlyCount "81"]
[EventDate "2008.09.19"]
[EventType "swiss"]
[EventRounds "6"]
[EventCountry "BRA"]
[SourceTitle "EXT 2022"]
[Source "ChessBase"]
[SourceDate "2021.10.06"]
[SourceVersion "1"]
[SourceVersionDate "2021.10.06"]
[SourceQuality "1"]

1. d4 c5 2. d5 Nf6 3. Nc3 d6 4. e4 g6 5. Nf3 Bg7 6. Be2 0-0 7. 0-0 Na6 8. Bf4 Nc7 9. a4 a6 10. Qd2 Bg4 11. Rfe1 Nd7 12. Rab1 a5 13. Ng5 Bxe2 14. Qxe2 Ne5 15. Nf3 Nxf3+ 16. Qxf3 e5 17. dxe6 fxe6 18. Qg3 e5 19. Be3 Rb8 20. Red1 Qe7 21. f3 b5 22. axb5 Nxb5 23. Nd5 Qa7 24. c3 a4 25. Qf2 Rf7 26. Qc2 Qa6 27. Ra1 Ra8 28. Ra2 Rfa7 29. Rda1 h5 30. Rxa4 Qb7 31. Qb3 Rxa4 32. Rxa4 Rb8 33. Ra6 Nd4 34. Qxb7 Rxb7 35. cxd4 exd4 36. Bc1 c4 37. Rc6 d3 38. Rxc4 Bxb2 39. Bxb2 Rxb2 40. Rd4 d2 41. Ne3 1-0

[Event "Sao Paulo Alphaville Tenis Clube 2nd"]
[Site "Sao Paulo"]
[Date "2008.09.20"]
[Round "4.1"]
[White "De Souza, Mauro Guimaraes"]
[Black "Tsuboi, Edson Kenji"]
[Result "1/2-1/2"]
[WhiteElo "2317"]
[BlackElo "2356"]
[PlyCount "80"]
[EventDate "2008.09.19"]
[EventType "swiss"]
[EventRounds "6"]
[EventCountry "BRA"]
[SourceTitle "EXT 2022"]
[Source "ChessBase"]
[SourceDate "2021.10.06"]
[SourceVersion "1"]
[SourceVersionDate "2021.10.06"]
[SourceQuality "1"]

1. d4 Nf6 2. c4 e6 3. Nf3 d5 4. Nc3 Be7 5. Bg5 0-0 6. e3 h6 7. Bxf6 Bxf6 8. Qb3 c6 9. Rd1 Nd7 10. Bd3 g6 11. 0-0 Bg7 12. Qc2 Qe7 13. Rfe1 dxc4 14. Bxc4 b6 15. e4 Bb7 16. e5 Rac8 17. a3 a5 18. Ba2 b5 19. Qe2 b4 20. axb4 axb4 21. Ne4 Ra8 22. Bb3 c5 23. d5 exd5 24. Bxd5 Rfb8 25. Bxb7 Rxb7 26. Nd6 Rb6 27. Qc4 Nxe5 28. Qxc5 Nxf3+ 29. gxf3 Qg5+ 30. Qxg5 hxg5 31. Nc4 Rf6 32. Kg2 Rf4 33. b3 g4 34. Re3 Bc3 35. Kg3 Rxf3+ 36. Rxf3 gxf3 37. Kxf3 Ra7 38. h3 Kg7 39. Ne3 Ra3 40. Rb1 Ra2 1/2-1/2

[Event "Sao Paulo Alphaville Tenis Clube 2nd"]
[Site "Sao Paulo"]
[Date "2008.09.19"]
[Round "1.2"]
[White "De Souza, Mauro Guimaraes"]
[Black "Nunes, Allan Hurba"]
[Result "1-0"]
[WhiteElo "2317"]
[BlackElo "1920"]
[PlyCount "71"]
[EventDate "2008.09.19"]
[EventType "swiss"]
[EventRounds "6"]
[EventCountry "BRA"]
[SourceTitle "EXT 2022"]
[Source "ChessBase"]
[SourceDate "2021.10.06"]
[SourceVersion "1"]
[SourceVersionDate "2021.10.06"]
[SourceQuality "1"]

1. d4 f5 2. Nc3 Nf6 3. Bg5 d5 4. Bxf6 exf6 5. e3 Be6 6. Bd3 Nc6 7. Nf3 Ne7 8. Ne2 Qd7 9. Rc1 b5 10. b3 c6 11. 0-0 Nc8 12. c4 Bd6 13. Qc2 Ne7 14. Nf4 Bxf4 15. exf4 dxc4 16. bxc4 bxc4 17. Bxc4 Bd5 18. Rfe1 Kf7 19. Nd2 Rhe8 20. Nb3 Bxc4 21. Qxc4+ Qd5 22. Qb4 Rad8 23. g3 Nc8 24. Qb7+ Rd7 25. Qa6 Rxe1+ 26. Rxe1 Nb6 27. Nc5 Rc7 28. Qe2 Kg6 29. Qe8+ Kh6 30. Qb8 Rf7 31. Nb3 Nc4 32. Rc1 a5 33. Qa8 Re7 34. Qa6 Re2 35. Rf1 Qf3 36. Qxc4 1-0

[Event "Sao Paulo op da Amizade"]
[Site "Sao Paulo"]
[Date "2008.08.31"]
[Round "9.6"]
[White "Oliveira, Silvio Eduardo"]
[Black "De Souza, Mauro Guimaraes"]
[Result "0-1"]
[WhiteElo "2323"]
[BlackElo "2317"]
[PlyCount "38"]
[EventDate "2008.08.23"]
[EventType "swiss"]
[EventRounds "9"]
[EventCountry "BRA"]
[SourceTitle "EXT 2022"]
[Source "ChessBase"]
[SourceDate "2021.10.06"]
[SourceVersion "1"]
[SourceVersionDate "2021.10.06"]
[SourceQuality "1"]

1. e4 c5 2. Nf3 e6 3. d4 cxd4 4. Nxd4 a6 5. Nc3 Qc7 6. Be2 b5 7. 0-0 Bb7 8. Bf3 Nc6 9. Nxc6 dxc6 10. a4 Bd6 11. g3 Nf6 12. Bg2 0-0 13. f4 e5 14. f5 Rfd8 15. Qe2 b4 16. Nb1 a5 17. Nd2 Ba6 18. Nc4 Qa7+ 19. Kh1 Qd4 0-1

[Event "Sao Paulo op da Amizade"]
[Site "Sao Paulo"]
[Date "2008.08.23"]
[Round "1.10"]
[White "Rodrigues, Bruno Morado"]
[Black "De Souza, Mauro Guimaraes"]
[Result "0-1"]
[WhiteElo "1965"]
[BlackElo "2317"]
[PlyCount "58"]
[EventDate "2008.08.23"]
[EventType "swiss"]
[EventRounds "9"]
[EventCountry "BRA"]
[SourceTitle "EXT 2022"]
[Source "ChessBase"]
[SourceDate "2021.10.06"]
[SourceVersion "1"]
[SourceVersionDate "2021.10.06"]
[SourceQuality "1"]

1. d4 Nf6 2. c4 e6 3. Nc3 Bb4 4. Nf3 b6 5. Bg5 Bxc3+ 6. bxc3 Bb7 7. Nd2 h6 8. Bh4 d6 9. f3 Nbd7 10. e3 Qe7 11. Bd3 e5 12. e4 g5 13. Bf2 Nh5 14. Nf1 f5 15. Ne3 fxe4 16. Nf5 Qf6 17. Bxe4 0-0-0 18. 0-0 Rhe8 19. Bxb7+ Kxb7 20. Ne3 exd4 21. cxd4 Nf4 22. Qa4 Qf7 23. Rfd1 Ne2+ 24. Kh1 Nc3 25. Qa3 Nxd1 26. Rxd1 Nf6 27. d5 g4 28. fxg4 Ne4 29. Bh4 Nf2+ 0-1

[Event "Paulista-ch final"]
[Site "Santos"]
[Date "2008.06.28"]
[Round "7"]
[White "Oliveira, Silvio Eduardo"]
[Black "De Souza, Mauro Guimaraes"]
[Result "1-0"]
[WhiteElo "2304"]
[BlackElo "2317"]
[PlyCount "93"]
[EventDate "2008.06.26"]
[EventType "swiss"]
[EventRounds "7"]
[EventCountry "BRA"]
[SourceTitle "CBM 125 Extra"]
[Source "ChessBase"]
[SourceDate "2008.09.01"]
[SourceVersion "1"]
[SourceVersionDate "2008.09.01"]
[SourceQuality "1"]

1. e4 c5 2. Nf3 e6 3. d4 cxd4 4. Nxd4 a6 5. c4 Nf6 6. Nc3 Bb4 7. Bd3 Nc6 8. Bc2 Qa5 9. 0-0 Bxc3 10. bxc3 0-0 11. Qd3 Ne5 12. Qg3 d6 13. f4 Nxc4 14. e5 dxe5 15. fxe5 Qxe5 16. Qd3 Nd6 17. Rxf6 Nf5 18. Rxf5 exf5 19. Ba3 Rd8 20. Qg3 Qxg3 21. hxg3 g6 22. Re1 Bd7 23. Re7 Rac8 24. Bb3 Be8 25. Nf3 Rxc3 26. Ne5 Rxb3 27. axb3 b5 28. Ra7 f6 29. Nf3 Bc6 30. Rxa6 Bxf3 31. gxf3 Rd3 32. Kg2 Rxb3 33. Be7 Rb2+ 34. Kh3 Rb3 35. Kg2 Rb2+ 36. Kf1 Rb1+ 37. Kf2 Rb2+ 38. Ke3 Rb3+ 39. Kf4 g5+ 40. Kxf5 Rxf3+ 41. Kg4 Re3 42. Bd6 h6 43. Kf5 Kf7 44. Ra7+ Ke8 45. Rb7 Kd8 46. Kg4 Rb3 47. Rf7 1-0

[Event "Paulista-chT Interclubes"]
[Site "Sao Paulo"]
[Date "2008.03.??"]
[Round "4"]
[White "Schutt, Ricardo de Amorim"]
[Black "De Souza, Mauro Guimaraes"]
[Result "1/2-1/2"]
[WhiteElo "2156"]
[BlackElo "2317"]
[PlyCount "94"]
[EventDate "2008.03.01"]
[EventType "team-tourn"]
[EventRounds "7"]
[EventCountry "BRA"]
[SourceTitle "EXT 2022"]
[Source "ChessBase"]
[SourceDate "2021.10.06"]
[SourceVersion "1"]
[SourceVersionDate "2021.10.06"]
[SourceQuality "1"]
[WhiteTeam "Pinheiros EC"]
[BlackTeam "Aramacan CA"]
[WhiteTeamCountry "BRA"]
[BlackTeamCountry "BRA"]

1. e4 c5 2. Nf3 e6 3. d4 cxd4 4. Nxd4 a6 5. Nc3 Qc7 6. g3 Bb4 7. Nde2 Nf6 8. Bg2 Be7 9. 0-0 d6 10. Be3 Nc6 11. Na4 b5 12. Nb6 Rb8 13. Nxc8 Rxc8 14. c3 Ne5 15. a4 Nc4 16. Bc1 0-0 17. Nd4 Rb8 18. Qe2 Qc5 19. axb5 axb5 20. Ra6 Rfc8 21. b4 Qh5 22. Qxh5 Nxh5 23. Nc6 Rb7 24. Bf3 Nf6 25. e5 Nd5 26. Nxe7+ Rxe7 27. exd6 Rd7 28. Bxd5 exd5 29. Rd1 Rxd6 30. Rxd6 Nxd6 31. Rxd5 Ne4 32. Rxb5 Nxc3 33. Rc5 Rxc5 34. bxc5 Kf8 35. Kg2 Ke7 36. Bb2 Na4 37. Bxg7 Nxc5 38. Bb2 Ne6 39. g4 f6 40. Kg3 Kf7 41. h4 Ng7 42. Kf4 h5 43. gxh5 Nxh5+ 44. Kg4 Kg6 45. f4 f5+ 46. Kf3 Kf7 47. Be5 Ke6 1/2-1/2

[Event "Paulista-chT Interclubes"]
[Site "Sao Paulo"]
[Date "2008.03.??"]
[Round "1"]
[White "Segal, Alexandru Sorin"]
[Black "De Souza, Mauro Guimaraes"]
[Result "0-1"]
[WhiteElo "2227"]
[BlackElo "2317"]
[PlyCount "127"]
[EventDate "2008.03.01"]
[EventType "team-tourn"]
[EventRounds "7"]
[EventCountry "BRA"]
[SourceTitle "EXT 2022"]
[Source "ChessBase"]
[SourceDate "2021.10.06"]
[SourceVersion "1"]
[SourceVersionDate "2021.10.06"]
[SourceQuality "1"]
[WhiteTeam "Sociedade Hebraica"]
[BlackTeam "Aramacan CA"]
[WhiteTeamCountry "BRA"]
[BlackTeamCountry "BRA"]

1. d4 Nf6 2. Nf3 e6 3. Bg5 c5 4. Bxf6 Qxf6 5. e3 Nc6 6. c3 d5 7. Nbd2 Bd6 8. Bd3 0-0 9. Qe2 e5 10. dxc5 Bxc5 11. e4 d4 12. Nb3 Bb6 13. h3 dxc3 14. bxc3 Ne7 15. Nfd2 Rd8 16. Bc4 Be6 17. Bxe6 Qxe6 18. Qg4 Qc6 19. Qg3 Ng6 20. 0-0 Nf4 21. Kh2 Rd3 22. Nf3 Rxc3 23. Nxe5 Rxg3 24. fxg3 Qxe4 25. gxf4 Rd8 26. Rae1 Qc2 27. Nf3 Qxa2 28. Nbd4 Bxd4 29. Nxd4 Qc4 30. Ne2 h6 31. Ng3 a5 32. Re4 Qc6 33. Rfe1 b5 34. Nf5 Kh8 35. Nd4 Qd5 36. Nf3 b4 37. Re5 Qc4 38. Rxa5 Qxf4+ 39. Kh1 Rb8 40. Raa1 b3 41. Rab1 g5 42. Ne5 Kg7 43. Nf3 h5 44. Kg1 f6 45. Re7+ Kg6 46. Ree1 Qg3 47. Rf1 g4 48. Nh2 f5 49. Rb2 Rc8 50. Rff2 Qe3 51. Nf1 Qb6 52. hxg4 hxg4 53. g3 Rc2 54. Kg2 Rxf2+ 55. Rxf2 b2 56. Nd2 b1Q 57. Nxb1 Qxb1 58. Kh2 Qe1 59. Kg2 Kf6 60. Rf4 Ke5 61. Rf2 Qe3 62. Rf1 Ke4 63. Kh2 Qe2+ 64. Kg1 0-1

[Event "Sao Paulo Paulista-ch"]
[Site "Sao Paulo"]
[Date "2007.06.29"]
[Round "3"]
[White "Cominato Neto, Jose Luis"]
[Black "De Souza, Mauro Guimaraes"]
[Result "1/2-1/2"]
[WhiteElo "2146"]
[BlackElo "2335"]
[PlyCount "42"]
[EventDate "2007.06.28"]
[EventType "swiss"]
[EventRounds "7"]
[EventCountry "BRA"]
[SourceTitle "CBM 119 Extra"]
[Source "ChessBase"]
[SourceDate "2007.09.04"]
[SourceVersion "1"]
[SourceVersionDate "2007.09.04"]
[SourceQuality "1"]

1. e4 e5 2. Nf3 Nc6 3. Bb5 a6 4. Bxc6 dxc6 5. d4 exd4 6. Qxd4 Qxd4 7. Nxd4 Bd7 8. Be3 0-0-0 9. Nd2 Ne7 10. 0-0 Ng6 11. f4 f6 12. Rae1 Re8 13. g3 h5 14. N4b3 b6 15. Bd4 c5 16. Bc3 Bd6 17. Nf3 c4 18. Nbd4 Bc5 19. Kg2 Bxd4 20. Bxd4 Bc6 21. f5 Ne7 1/2-1/2

[Event "Sao Paulo Interclubs Paulista"]
[Site "Sao Paulo"]
[Date "2007.02.25"]
[Round "4"]
[White "De Souza, Mauro Guimaraes"]
[Black "Diamant, Andre"]
[Result "0-1"]
[WhiteElo "2335"]
[BlackElo "2426"]
[PlyCount "110"]
[EventDate "2007.02.24"]
[EventType "team"]
[EventRounds "7"]
[EventCountry "BRA"]
[SourceTitle "CBM 117 Extra"]
[Source "ChessBase"]
[SourceDate "2007.05.09"]
[SourceVersion "1"]
[SourceVersionDate "2007.05.09"]
[SourceQuality "1"]

1. d4 Nf6 2. c4 e6 3. Nf3 Bb4+ 4. Bd2 Qe7 5. Nc3 Nc6 6. g3 d6 7. Bg2 Bxc3 8. Bxc3 Ne4 9. Qc2 Nxc3 10. Qxc3 0-0 11. 0-0 e5 12. d5 Nd8 13. e4 c5 14. Ne1 f6 15. Nd3 a5 16. b3 Bd7 17. a3 b5 18. b4 bxc4 19. Qxc4 Nb7 20. bxc5 Nxc5 21. Nxc5 Rfc8 22. Rfc1 Rxc5 23. Qb3 Rb5 24. Qd1 Qd8 25. Rab1 Rab8 26. Rxb5 Rxb5 27. Rb1 Qb6 28. Rxb5 Qxb5 29. Qc1 Qb6 30. h4 Kf7 31. Bf3 Ke7 32. Kg2 Kd8 33. g4 Qd4 34. g5 f5 35. Qb1 Ke7 36. Qb7 Qa4 37. exf5 h5 38. Qc7 Qxh4 39. f6+ gxf6 40. gxf6+ Qxf6 41. Qxa5 Bh3+ 42. Kxh3 Qxf3+ 43. Kh2 Qxf2+ 44. Kh3 Qf3+ 45. Kh2 Qf4+ 46. Kh3 e4 47. Qc7+ Kf6 48. Qd8+ Ke5 49. Qe7+ Kxd5 50. Qb7+ Ke5 51. Qe7+ Kd4 52. Qa7+ Kd3 53. Qa6+ Ke3 54. Qb6+ Kf3 55. Qb3+ Qe3 0-1

[Event "Sao Paulo Interclubs Paulista"]
[Site "Sao Paulo"]
[Date "2007.02.25"]
[Round "3"]
[White "Zampronha, Wladimir Camilo"]
[Black "De Souza, Mauro Guimaraes"]
[Result "1/2-1/2"]
[WhiteElo "2180"]
[BlackElo "2335"]
[PlyCount "79"]
[EventDate "2007.02.24"]
[EventType "team"]
[EventRounds "7"]
[EventCountry "BRA"]
[SourceTitle "CBM 117 Extra"]
[Source "ChessBase"]
[SourceDate "2007.05.09"]
[SourceVersion "1"]
[SourceVersionDate "2007.05.09"]
[SourceQuality "1"]

1. e4 e5 2. Nf3 Nc6 3. Bb5 a6 4. Ba4 Nf6 5. 0-0 Be7 6. Re1 b5 7. Bb3 d6 8. c3 0-0 9. h3 Na5 10. Bc2 c5 11. d4 Qc7 12. Nbd2 cxd4 13. cxd4 Bd7 14. Nf1 Rac8 15. Bb1 Rfe8 16. d5 Nc4 17. b3 Nb6 18. Bd2 g6 19. Bd3 Bf8 20. a4 Bg7 21. Ng3 Qb7 22. axb5 Bxb5 23. Bxb5 axb5 24. Bb4 Bf8 25. Qd3 Nbd7 26. Ra5 Nc5 27. Qxb5 Qxb5 28. Rxb5 Nfd7 29. Rb1 Nd3 30. Bd2 Rc2 31. Be3 N7c5 32. Ne1 Nxe1 33. Rxe1 Rb2 34. Bxc5 dxc5 35. Ra1 Rc8 36. Ra7 Rb1+ 37. Kh2 Rb2 38. Kg1 Rb1+ 39. Kh2 Rb2 40. Kg1 1/2-1/2

[Event "Sao Paulo Itau Cup 10th"]
[Site "Sao Paulo"]
[Date "2006.09.26"]
[Round "5"]
[White "Di Berardino, Diego Rafael"]
[Black "De Souza, Mauro Guimaraes"]
[Result "1-0"]
[WhiteElo "2370"]
[BlackElo "2359"]
[PlyCount "74"]
[EventDate "2006.09.23"]
[EventType "swiss"]
[EventRounds "9"]
[EventCountry "BRA"]
[SourceTitle "CBM 114 Extra"]
[Source "ChessBase"]
[SourceDate "2006.11.03"]
[SourceVersion "1"]
[SourceVersionDate "2006.11.03"]
[SourceQuality "1"]

1. e4 e5 2. Nf3 Nc6 3. Bb5 a6 4. Ba4 Nf6 5. 0-0 Nxe4 6. d4 b5 7. Bb3 d5 8. dxe5 Be6 9. c3 Be7 10. Nbd2 0-0 11. Bc2 f5 12. exf6 Nxf6 13. Nd4 Nxd4 14. cxd4 Bd6 15. Nf3 Ne4 16. Ne5 Qh4 17. f3 Nf6 18. Be3 c5 19. Qd2 Bxe5 20. dxe5 Nd7 21. Bb3 c4 22. Bc2 Rac8 23. Rae1 Nb8 24. f4 g6 25. Rf3 d4 26. Bf2 Qh5 27. Bxd4 Rcd8 28. Qe3 Nc6 29. Bc5 Rfe8 30. Rg3 Kh8 31. Rg5 Qh4 32. Rf1 Ne7 33. Bd6 Nf5 34. Bxf5 Bxf5 35. Qb6 Bd3 36. Be7 Rd7 37. Qf6+ Kg8 1-0